000 02357cam a2200289 4500500
005 20251228083226.0
041 _afre
042 _adc
100 1 0 _aDoiron, Normand
_eauthor
245 0 0 _aLe parfait gentilhomme. L’idéal du moi au début du xvii e siècle
260 _c2017.
500 _a81
520 _aL’article entend dresser une cartographie psychologique de l’homo curialis dans la première moitié du xvii e siècle. Contrainte, perfection, distinction, tels sont ici les principaux lieux d’une carte qui n’a rien de définitif. Les traités de cour sont animés par un idéal magnanime du moi courtisan dépeint sous les couleurs du mythe ou du christianisme (Platon, angélisme). Cet idéal correspond à un moment particulier dans l’histoire de la noblesse française. Il correspond à un stade de la civilité, qu’on pourrait rapprocher des stades d’organisation de la libido. Ainsi un moment de l’histoire psychique de l’homme de cour s’apparente à cette instance de la personnalité individuelle que Freud nomme l’idéal du moi.
520 _aThe Perfect Gentleman: The Ego Ideal in the Early Seventeenth Century The article intends to draw up a psychological map of homo curialis in the first half of the seventeenth century. Restraint, perfection, distinction, these are the principal places of a map that has nothing definitive. The court treaties are driven by a magnanimous ideal of the courtier ego depicted under the colors of myth or Christianity (Plato, angelism). This ideal corresponds to a particular moment in the history of the French nobility. It corresponds to a stage of civility, which could be brought closer to the stages of organization of the libido. Thus, a moment in the psychic history of the courtier is related to that instance of the individual personality that Freud calls the ego ideal.
690 _aidéal
690 _aNorbert Élias
690 _aperfection
690 _apsychanalyse
690 _atraités de cour
690 _aCourt Treaties
690 _aIdeal
690 _aNorbert Élias
690 _aPerfection
690 _aPsychoanalysis
786 0 _nDix-septième siècle | 277 | 4 | 2017-10-30 | p. 611-630 | 0012-4273
856 4 1 _uhttps://shs.cairn.info/revue-dix-septieme-siecle-2017-4-page-611?lang=fr&redirect-ssocas=7080
999 _c1600841
_d1600841